Systems Engineering and Analysis / (Record no. 10214)
[ view plain ]
| 000 -LEADER | |
|---|---|
| fixed length control field | 02259cam a22003854a 4500 |
| 001 - CONTROL NUMBER | |
| control field | 13890916 |
| 005 - DATE AND TIME OF LATEST TRANSACTION | |
| control field | 20060829170244.0 |
| 008 - FIXED-LENGTH DATA ELEMENTS--GENERAL INFORMATION | |
| fixed length control field | 050307s2006 njua b 001 0 eng |
| 010 ## - LIBRARY OF CONGRESS CONTROL NUMBER | |
| LC control number | 2005045881 |
| 020 ## - INTERNATIONAL STANDARD BOOK NUMBER | |
| International Standard Book Number | 0131869779 |
| 035 ## - SYSTEM CONTROL NUMBER | |
| System control number | (OCoLC)ocm58478437 |
| 040 ## - CATALOGING SOURCE | |
| Original cataloging agency | DLC |
| Transcribing agency | DLC |
| Modifying agency | YDX |
| -- | BAKER |
| -- | NLGGC |
| -- | DLC |
| 042 ## - AUTHENTICATION CODE | |
| Authentication code | pcc |
| 050 00 - LIBRARY OF CONGRESS CALL NUMBER | |
| Classification number | TA168 |
| Item number | .B58 2006 |
| 082 00 - DEWEY DECIMAL CLASSIFICATION NUMBER | |
| Classification number | 620.0011 |
| Edition number | 22 |
| Item number | BLA |
| 100 1# - MAIN ENTRY--PERSONAL NAME | |
| Personal name | Blanchard, Benjamin S. |
| 9 (RLIN) | 18645 |
| 245 10 - TITLE STATEMENT | |
| Title | Systems Engineering and Analysis / |
| Statement of responsibility, etc | Benjamin S. Blanchard, Wolter J. Fabrycky. |
| 250 ## - EDITION STATEMENT | |
| Edition statement | 4th ed. |
| 260 ## - PUBLICATION, DISTRIBUTION, ETC. (IMPRINT) | |
| Place of publication, distribution, etc | Upper Saddle River, N.J. : |
| Name of publisher, distributor, etc | Pearson Prentice Hall, |
| Date of publication, distribution, etc | c2006. |
| 300 ## - PHYSICAL DESCRIPTION | |
| Extent | xii, 804 p. : |
| Other physical details | ill. ; |
| Dimensions | 25 cm. |
| 490 ## - Series Statement | |
| -- | 3797 |
| Series statement | Prentice-Hall international series in industrial and systems engineering |
| 500 ## - GENERAL NOTE | |
| General note | Distributer: Baccah. |
| 504 ## - BIBLIOGRAPHY, ETC. NOTE | |
| Bibliography, etc | Includes bibliographical references (p. 774-787) and index. |
| 650 #0 - SUBJECT ADDED ENTRY--TOPICAL TERM | |
| Topical term or geographic name as entry element | Systems engineering. |
| 9 (RLIN) | 18646 |
| 650 #0 - SUBJECT ADDED ENTRY--TOPICAL TERM | |
| Topical term or geographic name as entry element | System analysis. |
| 9 (RLIN) | 18647 |
| 700 1# - ADDED ENTRY--PERSONAL NAME | |
| Personal name | Fabrycky, W. J. |
| Fuller form of name | (Wolter J.), |
| Dates associated with a name | 1932- |
| 9 (RLIN) | 18648 |
| 942 ## - ADDED ENTRY ELEMENTS (KOHA) | |
| Source of classification or shelving scheme | Dewey Decimal Classification |
| Item type | Book - Borrowing |
| Withdrawn status | Item status | Source of classification or shelving scheme | Damaged status | Not for loan | Home library | Current library | Shelving location | Date acquired | Source of acquisition | Total Checkouts | Total Renewals | Full call number | Barcode | Date last seen | Date last borrowed | Koha item type | Vendor |
|---|---|---|---|---|---|---|---|---|---|---|---|---|---|---|---|---|---|
| Dewey Decimal Classification | Central Library | Central Library | First floor | 15/10/2008 | Purchase | 10 | 19 | 620.0011 BLA | 000013771 | 15/07/2025 | 06/04/2013 | Book - Borrowing | |||||
| Dewey Decimal Classification | Central Library | Central Library | First floor | 15/10/2008 | Purchase | 7 | 32 | 620.0011 BLA | 000013774 | 15/07/2025 | 03/03/2014 | Book - Borrowing | |||||
| Dewey Decimal Classification | Central Library | Central Library | First floor | 15/10/2008 | 9 | 25 | 620.0011 BLA | 000013777 | 15/07/2025 | 27/03/2016 | Book - Borrowing | ||||||
| Dewey Decimal Classification | Central Library | Central Library | First floor | 07/09/2010 | 5 | 23 | 620.0011 BLA | 000007155 | 15/07/2025 | 15/04/2014 | Book - Borrowing | ||||||
| Dewey Decimal Classification | Central Library | Central Library | First floor | 07/09/2010 | 6 | 16 | 620.0011 BLA | 000007154 | 15/07/2025 | 19/05/2014 | Book - Borrowing | ||||||
| Dewey Decimal Classification | Central Library | Central Library | First floor | 07/09/2010 | 4 | 620.0011 BLA | 000007149 | 15/07/2025 | 20/03/2013 | NB - Book (Non borrowing) |